History Quiz

Random History or Country Quiz
Score 0/199 Timer 20:00
5 Plays Today
Country Leader % Correct
United StatesDonald Trump
82.4%
United KingdomBoris Johnson
76.4%
GermanyAngela Merkel
75.3%
FranceEmmanuel Macron
71.1%
RussiaVladimir Putin
70.5%
CanadaJustin Trudeau
68.6%
North KoreaKim Jong-un
67.6%
ChinaXi Jinping
65.3%
CubaRaúl Castro
59.7%
IsraelBenjamin Netanyahu
58.5%
JapanShinzō Abe
56.5%
AustraliaScott Morrison
54.4%
Vatican CityFrancis
53.9%
IndiaNarendra Modi
53.7%
AfghanistanAshraf Ghani
53%
SyriaBashar al-Assad
51%
BrazilJair Bolsonaro
50%
MexicoAndrés Manuel López Obrador
48.4%
Saudi ArabiaSalman
47.5%
ItalyGiuseppe Conte
46.5%
VenezuelaNicolás Maduro
45.9%
ArgentinaAlberto Fernández
44.3%
IranHassan Rouhani
43.1%
TaiwanTsai Ing-wen
42.1%
SpainPedro Sánchez
42%
South AfricaCyril Ramaphosa
41.6%
ZimbabweEmmerson Mnangagwa
41.3%
New ZealandJacinda Ardern
41.2%
EgyptAbdel Fattah el-Sisi
40.7%
South KoreaMoon Jae-in
40.3%
IrelandLeo Varadkar
37.6%
JordanAbdullah II
37%
PalestineMahmoud Abbas
37%
TurkeyRecep Tayyip Erdoğan
37%
BoliviaJeanine Áñez
36.7%
BelarusAlexander Lukashenko
36.5%
PhilippinesRodrigo Duterte
35.8%
AlbaniaEdi Rama
35.3%
IranAli Khamenei
35%
MonacoAlbert II
34.6%
NetherlandsMark Rutte
34%
AngolaJoão Lourenço
33.6%
PakistanImran Khan
33.4%
HungaryViktor Orbán
33%
NicaraguaDaniel Ortega
32.8%
BelgiumSophie Wilmès
32.5%
ColombiaIván Duque Márquez
32.4%
GreeceKyriakos Mitsotakis
32.3%
MoroccoMohammed VI
32.3%
EcuadorLenín Moreno
30.7%
CambodiaHun Sen
30.7%
AustriaSebastian Kurz
30.6%
SingaporeLee Hsien Loong
30.3%
NigeriaMuhammadu Buhari
30.2%
KenyaUhuru Kenyatta
30.2%
IraqAdil Abdul-Mahdi
29.9%
ChileSebastián Piñera
29.6%
UkraineVolodymyr Zelensky
29.4%
AlgeriaAbdelmadjid Tebboune
29.3%
AndorraXavier Espot Zamora
29.1%
IndonesiaJoko Widodo
28.6%
RwandaPaul Kagame
28.2%
Antigua & BarbudaGaston Browne
28.1%
DenmarkMette Frederiksen
27.9%
SudanAbdel Fattah al-Burhan
27.2%
NorwayErna Solberg
27%
LiberiaGeorge Weah
26.8%
Country Leader % Correct
BelizeDean Barrow
26.7%
JamaicaAndrew Holness
26.7%
CameroonPaul Biya
26.6%
GuatemalaAlejandro Giammattei
26.1%
PortugalAntónio Costa
26%
Dominican RepublicDanilo Medina
25.9%
BangladeshSheikh Hasina
25.7%
AzerbaijanIlham Aliyev
25.2%
LiechtensteinHans-Adam II
25.1%
HondurasJuan Orlando Hernández
25.1%
SwedenStefan Löfvén
24.2%
ChadIdriss Déby
24%
BahamasHubert Minnis
23.8%
MyanmarWin Myint
23.7%
HaitiJovenel Moïse
23.4%
GrenadaKeith Mitchell
23.2%
LuxembourgXavier Bettel
23.2%
BeninPatrice Talon
22.9%
FinlandSanna Marin
22.9%
PolandMateusz Morawiecki
22.8%
EswatiniMswati III
22.6%
BarbadosMia Mottley
22.5%
LibyaFayez al-Sarraj
22.5%
Congo-KinshasaFélix Tshisekedi
22.3%
PeruMartín Vizcarra
22.2%
The GambiaAdama Barrow
22%
St. Kitts & NevisTimothy Harris
22%
BotswanaMokgweetsi Masisi
21.8%
Czech RepublicAndrej Babiš
21.8%
Costa RicaCarlos Alvarado Quesada
21.6%
SenegalMacky Sall
21.6%
ArmeniaNikol Pashinyan
21.2%
MaltaRobert Abela
21.1%
SlovakiaPeter Pellegrini
21.1%
ZambiaEdgar Lungu
21%
LebanonHassan Diab
20.9%
UruguayTabaré Vázquez
20.8%
Papua New GuineaJames Marape
20.6%
OmanHaitham bin Tariq
20.5%
SeychellesDanny Faure
20.4%
GuineaAlpha Condé
20.4%
QatarTamim bin Hamad Al Thani
20.3%
BulgariaBoyko Borisov
19.7%
St. Vincent & the GrenadinesRalph Gonsalves
19.6%
KazakhstanKassym-Jomart Tokayev
19.5%
El SalvadorNayib Bukele
19.5%
ParaguayMario Abdo Benítez
19.4%
VietnamNguyễn Phú Trọng
19.4%
IcelandKatrín Jakobsdóttir
19.3%
St. LuciaAllen Chastanet
19.3%
KosovoAlbin Kurti
19.1%
EthiopiaAbiy Ahmed
19%
CroatiaAndrej Plenković
18.8%
SerbiaAleksandar Vučić
18.7%
PanamaLaurentino Cortizo
18.5%
DominicaRoosevelt Skerrit
18.5%
San MarinoMariella Mularoni
18.2%
GhanaNana Akufo-Addo
18.2%
EstoniaJüri Ratas
18.1%
RomaniaKlaus Iohannis
18.1%
TongaTupou VI
18%
East TimorFrancisco Guterres
18%
MicronesiaDavid W. Panuelo
17.9%
Côte d'IvoireAlassane Ouattara
17.7%
CyprusNicos Anastasiades
17.7%
Bosnia & HerzegovinaŽeljko Komšić
17.6%
SloveniaMarjan Šarec
17.5%
Country Leader % Correct
GuyanaDavid A. Granger
17.3%
KiribatiTaneti Mamau
17.2%
GabonAli Bongo Ondimba
16.9%
SwitzerlandSimonetta Sommaruga
16.9%
BahrainHamad ibn Isa Al Khalifah
16.9%
UgandaYoweri Museveni
16.8%
MalaysiaMahathir Mohamad
16.6%
Cape VerdeJorge Carlos Fonseca
16.5%
UzbekistanShavkat Mirziyoyev
16.5%
MauritaniaMohamed Ould Ghazouani
16.4%
San MarinoLuca Boschi
16.2%
NepalKhadga Prasad Oli
16.1%
Sierra LeoneJulius Maada Bio
15.7%
BruneiHassanal Bolkiah
15.7%
Burkina FasoRoch Marc Christian Kaboré
15.6%
MoldovaIon Chicu
15.4%
EritreaIsaias Afewerki
15.4%
ThailandPrayuth Chan-ocha
15.4%
SomaliaHassan Ali Khayre
15.3%
YemenAbdrabbuh Mansur Al-Hadi
15.1%
Marshall IslandsDavid Kabua
15%
MontenegroDuško Marković
14.9%
MaliIbrahim Boubacar Keïta
14.8%
Congo-BrazzavilleDenis Sassou Nguesso
14.8%
North MacedoniaOliver Spasovski
14.7%
Trinidad & TobagoKeith Rowley
14.7%
BhutanJigme Khesar Namgyel Wangchuck
14.7%
Guinea-BissauJosé Mário Vaz
14.6%
MaldivesIbrahim Mohamed Solih
14.5%
South SudanSalva Kiir Mayardit
14.4%
MalawiPeter Mutharika
14.3%
GeorgiaSalome Zourabichvili
14.1%
DjiboutiIsmaïl Omar Guelleh
14%
LesothoTom Thabane
13.9%
VanuatuCharlot Salwai
13.5%
Sri LankaGotabaya Rajapaksa
13.3%
São Tomé & PríncipeEvaristo Carvalho
13.1%
Central African RepublicFaustin-Archange Touadéra
13%
TajikistanEmomalii Rahmon
12.8%
LatviaArturs Krišjānis Kariņš
12.8%
NigerMahamadou Issoufou
12.8%
NauruLionel Aingimea
12.7%
KuwaitSabah Al-Ahmad Al-Jaber Al-Sabah
12.7%
LithuaniaGitanas Nausėda
12.7%
BurundiPierre Nkurunziza
12.6%
TanzaniaJohn Magufuli
12.6%
NamibiaHage Geingob
12.3%
FijiFrank Bainimarama
12.2%
MozambiqueFilipe Nyusi
12.1%
TunisiaKais Saied
11.8%
SurinameDési Bouterse
11.7%
TuvaluKausea Natano
11.7%
ComorosAzali Assoumani
11.5%
Solomon IslandsManasseh Sogavare
11.4%
Equatorial GuineaTeodoro Obiang Nguema Mbasogo
10.9%
KyrgyzstanMukhammedkalyi Abylgaziev
10.9%
MauritiusPravind Jugnauth
10.9%
United Arab EmiratesKhalifa bin Zayed Al Nahyan
10.4%
TurkmenistanGurbanguly Berdimuhamedow
10.4%
MadagascarAndry Rajoelina
9.7%
LaosBounnhang Vorachith
9.3%
TogoFaure Gnassingbé
9.3%
MongoliaKhaltmaagiin Battulga
7.7%
PalauTommy Remengesau
7.6%
SamoaTuilaepa Aiono Sailele Malielegaoi
6.3%
Remove Ads.
Support Sporcle.
Get the best of Sporcle when you Go Orange. This ad-free experience offers more features, more stats, and more fun while also helping to support Sporcle. Thank you for becoming a member.

You're not logged in!

Compare scores with friends on all Sporcle quizzes.
OR
Log In

Show Comments

Extras

Top Quizzes Today


Score Distribution

Your Account Isn't Verified!

In order to create a playlist on Sporcle, you need to verify the email address you used during registration. Go to your Sporcle Settings to finish the process.

Report this User

Report this user for behavior that violates our Community Guidelines.

Details: